AutoCAD toàn tập 2002 tạo tùy biến và lập trình

Salvato in:
Dettagli Bibliografici
Autore principale: Lê Ngọc Cương
Natura: Libro
Lingua:Vietnamese
Pubblicazione: Trẻ 2001
Soggetti:
Tags: Aggiungi Tag
Nessun Tag, puoi essere il primo ad aggiungerne! !
Thư viện lưu trữ: Mạng thư viện Đại học Đà Nẵng
LEADER 00999nam a2200313 a 4500
001 000002245
003 00548
005 20171229145311.0
008 171229s2001 vie
040 |a LSK 
041 0 |a VIE 
082 0 |a 006.6  |b LÊ-C 
100 1 |a Lê Ngọc Cương 
245 0 0 |a AutoCAD toàn tập 2002 tạo tùy biến và lập trình 
260 |b Trẻ  |c 2001 
300 |a 634 pages  |c 20,5 cm. 
653 |a Autocad (Phần mềm máy tính) 
852 |a Phòng Đọc - Phòng Mượn 
901 |a 29 
927 |a Sách tham khảo 
OWN |a LSK 
AVA |a UDN50  |b LSK  |d 006.6 LÊ-C  |e check_holdings  |t Error 5003 Not defined in file expand_doc_bib_avail.  |h N  |k 1 
999 |a From the UDN01 
AVA |a UDN50  |b LSK  |d 006.6 LÊ-C  |e available  |t Error 5001 Not defined in file expand_doc_bib_avail.  |f 29  |g 1  |h N  |i 2  |k 1 
TYP |a Monograph 
TYP |a Printed language 
980 |a Mạng thư viện Đại học Đà Nẵng